Регионална библиотека "Любен Каравелов" - Русе

Сила (Запис номер 529522)

MARC детайли
000 -Лидер
Лидер 01333nim a2200277 a 4500
003 - Код на организацията, давaща контролен номер
Код на организацията, даваща контролен номер BLK
005 - Дата и час на последна редакция
Дата и час на последна редакция 20250320114012.0
007 - Фиксирано поле за физическо описани
Физическо описание sd ammalaaahaa
008 - Елементи от данни с фиксирана дължина
Елементи с фиксирана дължина 250312b bu |||||s|||| 00| | bu d
028 ## - PUBLISHER NUMBER
Издателски номер ВТА 1507
040 ## - Източник на каталожния запис
Код на библиотеката BLK
041 ## - Код за език
Език на записа Български
Език за КДБФ Български
080 ## - УДК
УДК текст Българска литература
УДК код 821.163.2
УДК – определител -1(086.72)
УДК – код + определител 821.163.2-1(086.72)
100 1# - Редна дума - Автор
Автор Левчев, Любомир Спиридонов
Години, свързани с автора 1935 - 2019
Биография на автора Поет, писател
R(LIN) 88160
245 ## - Сведения за заглавието
Заглавие Сила
Подзаглавни данни Музикално-поетичен спектакъл по стихове на Любомир Левчев, музика Тончо Русев
Авторска отговорност Любомир Левчев, музика Тончо Русев, изп. Грета Ганчева, група за политически песни "Интер" с рък. Камелия Войводова
260 ## - Област на издателските данни
9 (RLIN) 210374
Място на издаване София
Име на издателя Балкантон
Година на издаване 1972
300 ## - Физическа характеристика
Брой страници 1 грамофонна плоча 33 об/мин
Илюстрации стерео
Размер 30 см
380 ## - Жанр
Жанр Худож. лит.
500 ## - Общи забележки
Обща забележка I страна — 22.05<br/>II страна — 19.05<br/>
700 1# - Други автори (авторска отговорност)
9 (RLIN) 117583
Друг автор Русев, Тончо Русев
852 ## - Местоположение
Сигнатура (форматна) Ф ІІ 4242
Отдел Хранилище
856 ## - Електронен адрес и достъп
Инструкция (цена за достъп) 0.00
Права за достъп disable
942 ## - АРТИКУЛИ
Вид на библиотечния документ Грамофонни плочи
Скрит в OPAC Не
944 ## - СЪЗДАВАНЕ И РЕДАКЦИЯ на ЗАПИСА
Дата на регистрацията/редакция Русанова Ирена
Служител, извършил регистрацията/редакцията 30542
Статус, дата на статуса Русанова Ирена
999 ## - СИСТЕМНИ КОНТРОЛНИ НОМЕРА
Koha biblionumber 529522
Koha biblioitemnumber 529522
999 ## - СИСТЕМНИ КОНТРОЛНИ НОМЕРА
Koha biblioitemnumber 529522
Наличности
Код за отписване Код за изгубен артикул Източник на класификационната схема Код за повреда Коз за рестрикции Код за отдаване Артикулен № Име на библиотеката - собственик Име на библиотеката, в която се намира в момента Статус (Текущо местоположение) Дата на вписване в системата Местоположение - отдел Цена в лева Инвентарен номер Систематично азбучна сигнатура Баркод Цена в евро Служебен тип на артикула
  Не е изгубен Universal Decimal Classification Не е повреден само за читалня ползва се в читалня 964338 Регионална библиотека "Любен Каравелов" Русе Регионална библиотека "Любен Каравелов" Русе Хранилище 2025-03-20 Хранилище 2.30 9719 Ф II 4242 900000116034 1.18 Грамофонни плочи
Vip Innovations Ltd, Rousse, Bulgaria 2025